| 000 | 00675nam a2200205 a 4500 | ||
|---|---|---|---|
| 005 | 20231128063600.0 | ||
| 008 | 040311s1996 mx r 000 0 spa d | ||
| 020 | _a9507245812 | ||
| 035 | _aUPN01000132618 | ||
| 049 | _aCG | ||
| 050 | 4 |
_aHQ71 _bS4.3 |
|
| 100 | 1 | _aSegú, Héctor F. | |
| 245 | 1 | 0 |
_aConductas sexuales inadecuadas : _bestudio clínico de las disfunciones sexuales y las parafilias / _cHéctor F. Segú ; colab. Juan Carlos Romi ... [et al.]. |
| 260 |
_aBuenos Aires : _bLumen-Hvmanitas, _c1996. |
||
| 300 | _a316 p. | ||
| 650 | 4 |
_aTRASTORNOS SEXUALES _912688 |
|
| 650 | 2 |
_aConducta sexual _96807 |
|
| 700 | 1 |
_aRomi, Juan Carlos, _ecolab. |
|
| 905 | _aLibro | ||
| 999 |
_c104772 _d104772 |
||